| 000 | 00516nam a2200169 a 4500 | ||
|---|---|---|---|
| 001 | 3441 | ||
| 005 | 20140414131859.0 | ||
| 008 | 060327s19uu xx 00 eng d | ||
| 020 | _a971-19-0142-0 | ||
| 050 |
_aFIL _bW35 1993 |
||
| 100 | _aKuhonta, Ma. Michelle M. | ||
| 245 |
_aWhy the pawikan stayed home / _cstory by Ma. Michelle M. Kuhonta ; Art by Kibby Bongco. |
||
| 260 |
_aPhilippines : _bCacho Publishing House, _c1993. |
||
| 300 | _a1 v. p. : ill. ; cm. | ||
| 650 |
_aAnimals _xFiction. |
||
| 999 |
_c110577 _d110577 |
||